header

Maya (Record no. 95567)

MARC details
000 -LEADER
fixed length control field 01293nam a22003374a 4500
082 04 - DEWEY DECIMAL CLASSIFICATION NUMBER
Classification number 006.696
100 1# - MAIN ENTRY--AUTHOR NAME
Personal name Kundert-Gibbs, John L.
245 10 - TITLE STATEMENT
Title Maya
250 ## - EDITION STATEMENT
Edition statement 2nd ed. /
260 ## - PUBLICATION, DISTRIBUTION, ETC. (IMPRINT)
Place of publication San Francisco, Calif. ;
-- London :
Name of publisher SYBEX,
Year of publication c2005.
300 ## - PHYSICAL DESCRIPTION
Number of Pages xxi, 279 p. :
Other physical details ill. (chiefly col.).
500 ## - GENERAL NOTE
General note Includes index.
General note Previous ed. by John Kundert-Gibbs with Robin Akin et al. 2002.
650 #0 - SUBJECT ADDED ENTRY--TOPICAL TERM
Topical Term Computer animation.
700 1# - ADDED ENTRY--PERSONAL NAME
Personal name Derakhshani, Dariush.
856 40 - ELECTRONIC LOCATION AND ACCESS
Uniform Resource Identifier http://site.ebrary.com/lib/rucke/Doc?id=10152559

No items available.

© 2026 Rongo University
Contact us: librarian | system librarian | Rongo university